<?xml version="1.0" encoding="UTF-8"?><?xml-stylesheet type="text/xsl" href="static/style.xsl"?><OAI-PMH xmlns="http://www.openarchives.org/OAI/2.0/" xmlns:xsi="http://www.w3.org/2001/XMLSchema-instance" xsi:schemaLocation="http://www.openarchives.org/OAI/2.0/ http://www.openarchives.org/OAI/2.0/OAI-PMH.xsd"><responseDate>2026-04-17T02:40:54Z</responseDate><request verb="GetRecord" identifier="oai:www.recercat.cat:10230/28023" metadataPrefix="marc">https://recercat.cat/oai/request</request><GetRecord><record><header><identifier>oai:recercat.cat:10230/28023</identifier><datestamp>2025-12-26T11:29:48Z</datestamp><setSpec>com_2072_6</setSpec><setSpec>col_2072_452952</setSpec></header><metadata><record xmlns="http://www.loc.gov/MARC21/slim" xmlns:dcterms="http://purl.org/dc/terms/" xmlns:xsi="http://www.w3.org/2001/XMLSchema-instance" xmlns:doc="http://www.lyncode.com/xoai" xsi:schemaLocation="http://www.loc.gov/MARC21/slim http://www.loc.gov/standards/marcxml/schema/MARC21slim.xsd">
   <leader>00925njm 22002777a 4500</leader>
   <datafield ind2=" " ind1=" " tag="042">
      <subfield code="a">dc</subfield>
   </datafield>
   <datafield ind2=" " ind1=" " tag="720">
      <subfield code="a">Gialampoukidis, Ilias</subfield>
      <subfield code="e">author</subfield>
   </datafield>
   <datafield ind2=" " ind1=" " tag="720">
      <subfield code="a">Vrochidis, Stefanos</subfield>
      <subfield code="e">author</subfield>
   </datafield>
   <datafield ind2=" " ind1=" " tag="720">
      <subfield code="a">Kompatsiaris, Ioannis</subfield>
      <subfield code="e">author</subfield>
   </datafield>
   <datafield ind2=" " ind1=" " tag="720">
      <subfield code="a">Wanner, Leo</subfield>
      <subfield code="e">author</subfield>
   </datafield>
   <datafield ind2=" " ind1=" " tag="260">
      <subfield code="c">2017-01-31T17:22:58Z</subfield>
   </datafield>
   <datafield ind2=" " ind1=" " tag="260">
      <subfield code="c">2016</subfield>
   </datafield>
   <datafield ind2=" " ind1=" " tag="520">
      <subfield code="a">Nowadays there is an important need by journalists and media monitoring companies to cluster news in large amounts of web articles, in order to ensure fast access to their topics or events of interest. Our aim in this work is to identify groups of news articles that share a common topic or event, without a priori knowledge of the number of clusters. The estimation of the correct number of topics is a challenging issue, due to the existence of “noise”, i.e. news articles which are irrelevant to all other topics. In this context, we introduce a novel density-based news clustering framework, in which the assignment of news articles to topics is done by the well-established Latent Dirichlet Allocation, but the estimation of the number of clusters is performed by our novel method, called “DBSCAN-Martingale”, which allows for extracting noise from the dataset and progressively extracts clusters from an OPTICS reachability plot. We evaluate our framework and the DBSCAN-Martingale on the 20newsgroups-mini dataset and on 220 web news articles, which are references to specific Wikipedia pages. Among twenty methods for news clustering, without knowing the number of clusters k, the framework of DBSCAN-Martingale provides the correct number of clusters and the highest Normalized Mutual Information.</subfield>
   </datafield>
   <datafield ind2=" " ind1=" " tag="520">
      <subfield code="a">This  work  was  supported  by  the  projects  MULTISENSOR (FP7-610411) and KRISTINA (H2020-645012), funded by the European Commission.</subfield>
   </datafield>
   <datafield tag="653" ind2=" " ind1=" ">
      <subfield code="a">Clustering news articles</subfield>
   </datafield>
   <datafield tag="653" ind2=" " ind1=" ">
      <subfield code="a">Latent Dirichlet Allocation</subfield>
   </datafield>
   <datafield tag="653" ind2=" " ind1=" ">
      <subfield code="a">DBSCAN-Martingale</subfield>
   </datafield>
   <datafield ind2="0" ind1="0" tag="245">
      <subfield code="a">A hybrid framework for news clustering based on the DBSCAN-Martingale and LDA</subfield>
   </datafield>
</record></metadata></record></GetRecord></OAI-PMH>